[Event "II Festival A"]
[Site "Lido degli Estensi - Comacchio ITA"]
[Date "2001.06.05"]
[Round "4"]
[White "Tocco, Paolo"]
[Black "Martinovic, Slobodan"]
[Result "0-1"]
[WhiteElo "2144"]
[BlackElo "2433"]
[PlyCount "58"]
[EventDate "2001.06.02"]

1.e4 c5 2.Nc3 Nc6 3.g3 g6 4.Bg2 Bg7 5.d3 d6 6.Be3 Nh6 7.h3 f5 8.Qd2 Nf7 9.
Nge2 Nd4 10.Nc1 O-O 11.f4 Bd7 12.Nd1 Bc6 13.c3 Nb5 14.O-O Qd7 15.Nf2 Rae8 
16.Ne2 b6 17.Kh2 e5 18.Rg1 Nc7 19.exf5 gxf5 20.g4 Kh8 21.Bxc6 Qxc6 22.gxf5
exf4 23.Bxf4 Ne5 24.Bxe5 Bxe5+ 25.Ng3 Rxf5 26.Ng4 Bf4 27.Qg2 Qxg2+ 28.Rxg2
h5 29.Nh6 Rf6 0-1

[Event "II Festival A"]
[Site "Lido degli Estensi - Comacchio ITA"]
[Date "2001.06.05"]
[Round "4"]
[White "Tomasi, Diego"]
[Black "Heinlein, Reinhold"]
[Result "1-0"]
[WhiteElo "2042"]
[BlackElo "2185"]
[PlyCount "75"]
[EventDate "2001.06.02"]

1.e4 c6 2.c4 d5 3.exd5 cxd5 4.cxd5 Nf6 5.Qa4+ Nbd7 6.Nc3 g6 7.g3 Bg7 8.Bg2
O-O 9.Nge2 Ne5 10.O-O Bg4 11.d4 Ned7 12.Nf4 Nb6 13.Qb3 Ne8 14.Be3 Nd6 15.
Nd3 Nbc4 16.Nc5 Rb8 17.N3e4 Qc8 18.Nxd6 Nxd6 19.Rac1 Qf5 20.f3 Bh3 21.g4 
Bxg4 22.fxg4 Qxg4 23.Rf4 Qh5 24.Nd7 g5 25.Rff1 f5 26.Qd1 Qg6 27.Nxb8 Rxb8 
28.Rc7 f4 29.Bf2 g4 30.Rxe7 f3 31.Re6 Qf5 32.Bg3 Ne4 33.Bxf3 gxf3 34.Rxf3 
Qxd5 35.Bxb8 Bxd4+ 36.Kg2 Qxe6 37.Qxd4 Qg6+ 38.Bg3 1-0

[Event "II Festival A"]
[Site "Lido degli Estensi - Comacchio ITA"]
[Date "2001.06.05"]
[Round "4"]
[White "Trabert, Bettina"]
[Black "Lazarev, Vladimir"]
[Result "0-1"]
[WhiteElo "2269"]
[BlackElo "2500"]
[PlyCount "104"]
[EventDate "2001.06.02"]

1.e4 c5 2.Nf3 Nc6 3.d4 cxd4 4.Nxd4 Qb6 5.Nb3 Nf6 6.Nc3 e6 7.Bd3 a6 8.O-O 
Qc7 9.f4 d6 10.a4 b6 11.Be3 Be7 12.Qf3 Bb7 13.Rae1 Nb4 14.Bd4 O-O 15.Qg3 
Nxd3 16.cxd3 Rac8 17.Kh1 Ba8 18.Nd2 Nh5 19.Qg4 Nf6 20.Qg3 Qd8 21.Nc4 Rb8 
22.e5 dxe5 23.Bxe5 Rc8 24.f5 exf5 25.Rxf5 Ne8 26.Ref1 Rc6 27.Ne4 Rxc4 28.
dxc4 Bxe4 29.R5f4 Bg6 30.Rd4 Qc8 31.h4 Qc6 32.b3 f6 33.Bf4 f5 34.Be5 Nf6 
35.Rfd1 Ne4 36.Qf4 Bh5 37.Re1 Bc5 38.Rd5 Nf2+ 39.Kh2 Ng4+ 40.Kh3 Nxe5 41.
Qxe5 Bb4 42.Rf1 h6 43.Qd4 Bc5 44.Qf4 Bg4+ 45.Kh2 Re8 46.Kh1 a5 47.Re5 Rd8 
48.Rfe1 Qf6 49.g3 Bd6 50.Re8+ Kh7 51.Qf2 Bxg3 52.Qxg3 Rxe8 0-1

[Event "II Festival A"]
[Site "Lido degli Estensi - Comacchio ITA"]
[Date "2001.06.05"]
[Round "4"]
[White "Trifunovic, Dusan"]
[Black "Brumen, Dinko"]
[Result "0-1"]
[WhiteElo "2055"]
[BlackElo "2458"]
[PlyCount "62"]
[EventDate "2001.06.02"]

1.e4 e6 2.d4 d5 3.Nc3 Bb4 4.Bd3 Nf6 5.e5 Nfd7 6.Qg4 Kf8 7.f4 h5 8.Qh3 c5 
9.a3 Ba5 10.Nf3 Nc6 11.O-O cxd4 12.Ne2 Nc5 13.Bb5 Bb6 14.b4 d3 15.cxd3 
Nb3+ 16.d4 Nxa1 17.Ba4 Bd7 18.Bb2 Nxd4 19.Bxd4 Bxa4 20.Rxa1 Rc8 21.f5 exf5
22.Qxf5 Qd7 23.Qf4 Qg4 24.Qe3 Qe4 25.Bxb6 axb6 26.Kf2 Rh6 27.Qxe4 dxe4 28.
Ng5 Re6 29.Nc3 Rxe5 30.Nxf7 Kxf7 31.Nxa4 e3+ 0-1

[Event "II Festival A"]
[Site "Lido degli Estensi - Comacchio ITA"]
[Date "2001.06.05"]
[Round "4"]
[White "Vezzani, Stefano"]
[Black "Cedikova, Katerina"]
[Result "1-0"]
[WhiteElo "2230"]
[BlackElo "2137"]
[PlyCount "95"]
[EventDate "2001.06.02"]

1.e4 c5 2.f4 d5 3.exd5 Nf6 4.Nc3 Nxd5 5.Nxd5 Qxd5 6.Qf3 e6 7.b3 Bd6 8.Bb2 
O-O 9.g3 Nc6 10.Bc4 Qxf3 11.Nxf3 Nb4 12.Kd1 a6 13.a3 Nc6 14.a4 b6 15.Re1 
Bb7 16.Ke2 Rfd8 17.Bc3 h6 18.Kf2 Bf8 19.Ne5 Nxe5 20.Rxe5 g6 21.Re2 Bg7 22.
Bxg7 Kxg7 23.Bd3 Rd4 24.Re5 Rc8 25.Rae1 Kf6 26.R1e2 Rc7 27.Be4 Bxe4 28.
R5xe4 h5 29.Ke3 Rcd7 30.Rxd4 Rxd4 31.d3 Kf5 32.Kf3 Rd5 33.h3 Kf6 34.Re4 
Rd8 35.Rc4 Rd6 36.a5 bxa5 37.Rxc5 Rd5 38.Rxd5 exd5 39.g4 hxg4+ 40.hxg4 Ke6
41.Ke3 f6 42.Kd4 Kd6 43.g5 fxg5 44.fxg5 Ke6 45.Kc5 Kf5 46.Kxd5 Kxg5 47.c4 
Kf6 48.Ke4 1-0

[Event "II Festival A"]
[Site "Lido degli Estensi - Comacchio ITA"]
[Date "2001.06.05"]
[Round "4"]
[White "Weinberg, Emanuele"]
[Black "Tomelleri, Alessio"]
[Result "1-0"]
[WhiteElo "1701"]
[BlackElo "1543"]
[PlyCount "85"]
[EventDate "2001.06.02"]

1.d4 f5 2.c4 e6 3.Nc3 Nf6 4.g3 Be7 5.Bg2 d5 6.Nh3 c6 7.O-O O-O 8.b3 Qe8 9.
f3 Nbd7 10.Ng5 Bd6 11.e4 dxe4 12.fxe4 fxe4 13.Ncxe4 Bc7 14.Ba3 Nxe4 15.
Rxf8+ Nxf8 16.Bxe4 h6 17.Nf3 Nd7 18.Qd3 Nf6 19.Bg6 Qd8 20.Rf1 Bd6 21.Bb2 
Be7 22.Ne5 Bd6 23.Qf3 Bxe5 24.dxe5 Nd7 25.Qf7+ Kh8 26.Rd1 Qf8 27.Rxd7 Bxd7
28.Qxd7 Rd8 29.Ba3 Rxd7 30.Bxf8 Rd1+ 31.Kg2 Rd2+ 32.Kh3 Rxa2 33.Bd6 Rf2 
34.Be8 Kg8 35.b4 a6 36.Bd7 b5 37.Bxe6+ Kh7 38.cxb5 cxb5 39.Bc8 Ra2 40.e6 
Re2 41.e7 Kg6 42.Bxa6 Kf7 43.Bxb5 1-0

[Event "II Festival A"]
[Site "Lido degli Estensi - Comacchio ITA"]
[Date "2001.06.06"]
[Round "5"]
[White "Brumen, Dinko"]
[Black "Ruzza, Claudio"]
[Result "1-0"]
[WhiteElo "2458"]
[BlackElo "2088"]
[PlyCount "60"]
[EventDate "2001.06.02"]

1.d4 g6 2.e4 Bg7 3.Nf3 d6 4.h3 c6 5.Bd3 Nd7 6.O-O Qc7 7.Be3 Ngf6 8.a4 O-O 
9.a5 e5 10.c3 Re8 11.Nbd2 Nf8 12.Re1 h6 13.Qa4 Bd7 14.Qa3 Ne6 15.Bf1 Kh7 
16.b4 Nh5 17.Nc4 f5 18.dxe5 dxe5 19.Rad1 fxe4 20.Nfxe5 Nf6 21.Nxd7 Nxd7 
22.Nd6 Rf8 23.Nxe4 Nf4 24.Qc1 Nd5 25.Bd4 Ne5 26.Nc5 Rae8 27.c4 Ng4 28.hxg4
Rxe1 29.Bxg7 Rxd1 30.Qxh6+ Kg8 1-0

[Event "II Festival A"]
[Site "Lido degli Estensi - Comacchio ITA"]
[Date "2001.06.06"]
[Round "5"]
[White "Caoili, Arianne"]
[Black "Navarro, Emanuele"]
[Result "0-1"]
[WhiteElo "2140"]
[BlackElo "1924"]
[PlyCount "90"]
[EventDate "2001.06.02"]

1.Nf3 d6 2.d4 Bg4 3.c4 Bxf3 4.exf3 Nf6 5.Nc3 e6 6.Qb3 Qc8 7.Be2 Be7 8.O-O 
Nbd7 9.f4 g6 10.Bf3 c6 11.d5 cxd5 12.cxd5 e5 13.Be3 exf4 14.Bxf4 Nc5 15.
Qd1 O-O 16.b4 Na6 17.Qd4 Qf5 18.Rae1 Rfe8 19.Nb5 Qd7 20.Nc3 Nc7 21.Bh6 Qf5
22.h3 Bf8 23.Bxf8 Kxf8 24.Bg4 Qg5 25.Bd7 Rxe1 26.Rxe1 Ng8 27.g3 Rd8 28.Ba4
Qf6 29.Qc4 Na8 30.Ne4 Qb2 31.Kg2 Kg7 32.Re2 Qa1 33.Ng5 h6 34.Nf3 Qf6 35.
Qg4 Nb6 36.Bb3 Rd7 37.h4 Re7 38.Rc2 h5 39.Qh3 Nh6 40.a4 Ng4 41.a5 Nd7 42.
Qh1 Nde5 43.Nxe5 Qxe5 44.Qc1 Qe4+ 45.Kh3 Qf3 0-1

[Event "II Festival A"]
[Site "Lido degli Estensi - Comacchio ITA"]
[Date "2001.06.06"]
[Round "5"]
[White "Cedikova, Katerina"]
[Black "Costantini, Laura"]
[Result "1-0"]
[WhiteElo "2137"]
[BlackElo "1924"]
[PlyCount "97"]
[EventDate "2001.06.02"]

1.c4 Nf6 2.Nc3 g6 3.g3 Bg7 4.Bg2 d6 5.Nf3 O-O 6.O-O e5 7.d4 Nc6 8.d5 Ne7 
9.e4 Ne8 10.Rb1 a5 11.h3 f5 12.Ng5 h6 13.Ne6 Bxe6 14.dxe6 Qc8 15.exf5 gxf5
16.Nd5 Qxe6 17.Nxe7+ Qxe7 18.Bxb7 Rb8 19.Bg2 Nf6 20.Bd2 Qf7 21.Qc2 Qh5 22.
Bxa5 Rbc8 23.Bd2 Kh8 24.Qd1 Qg6 25.a4 Nh5 26.Bf3 Nf6 27.Bg2 Nh5 28.Qe2 f4 
29.g4 Nf6 30.Rfe1 Rg8 31.Be4 Qf7 32.f3 Bf8 33.Kh2 h5 34.Bf5 Rd8 35.Rg1 Nh7
36.Bxh7 Kxh7 37.Qe4+ Kh8 38.a5 Be7 39.Bc3 Qg7 40.b4 Qh6 41.b5 hxg4 42.Rxg4
Rxg4 43.fxg4 Qh4 44.Be1 Qf6 45.Bf2 Qe6 46.a6 Qc8 47.a7 Qa8 48.Qxa8 Rxa8 
49.b6 1-0

[Event "II Festival A"]
[Site "Lido degli Estensi - Comacchio ITA"]
[Date "2001.06.06"]
[Round "5"]
[White "Chiodini, Pietro"]
[Black "Barletta, Antonio"]
[Result "0-1"]
[WhiteElo "1492"]
[BlackElo "1902"]
[PlyCount "58"]
[EventDate "2001.06.02"]

1.e4 c5 2.Nf3 e6 3.d4 cxd4 4.Nxd4 a6 5.Bd3 Qc7 6.O-O Nf6 7.Qe2 Nc6 8.Nxc6 
dxc6 9.a4 Bd6 10.f4 e5 11.Nc3 b6 12.Qf3 Bb7 13.Be3 exf4 14.e5 Bxe5 15.Bxf4
Bxf4 16.Rae1+ Be5 17.Qf5 Nd7 18.Qxf7+ Kd8 19.Bf5 Bd4+ 20.Kh1 Ne5 21.Qh5 c5
22.Qd1 Rf8 23.Ne2 Qc6 24.Bh3 Rxf1+ 25.Rxf1 Kc7 26.c3 Be3 27.Qb3 Rd8 28.Re1
g5 29.Nd4 cxd4 0-1

[Event "II Festival A"]
[Site "Lido degli Estensi - Comacchio ITA"]
[Date "2001.06.06"]
[Round "5"]
[White "Gandolfi, Gianfranco"]
[Black "Russo, Carmelo"]
[Result "1/2-1/2"]
[WhiteElo "1743"]
[BlackElo "1384"]
[PlyCount "57"]
[EventDate "2001.06.02"]

1.e4 c5 2.Nf3 d6 3.d4 cxd4 4.Nxd4 Nf6 5.Nc3 g6 6.Be3 Bg7 7.f3 Nc6 8.Qd2 
Bd7 9.Bc4 Qa5 10.Bb3 O-O 11.O-O-O Rfc8 12.h4 Ne5 13.h5 Nxh5 14.g4 Nf6 15.
Bh6 Bh8 16.Kb1 Nc4 17.Bxc4 Rxc4 18.Nd5 Qd8 19.Nxf6+ Bxf6 20.Be3 Rac8 21.
Qh2 e5 22.Qxh7+ Kf8 23.Nb3 Qc7 24.c3 Be6 25.Bh6+ Ke8 26.Bg7 Bg5 27.Bh6 Bf6
28.Bg7 Bg5 29.Bh6 1/2-1/2

[Event "II Festival A"]
[Site "Lido degli Estensi - Comacchio ITA"]
[Date "2001.06.06"]
[Round "5"]
[White "Gatta, Giorgio"]
[Black "Burani, Eugenio"]
[Result "1/2-1/2"]
[WhiteElo "1849"]
[BlackElo "1705"]
[PlyCount "33"]
[EventDate "2001.06.02"]

1.d4 Nf6 2.Nf3 c5 3.e3 b6 4.Bd3 g6 5.Nbd2 Bb7 6.O-O Bg7 7.c4 O-O 8.d5 d6 
9.Rb1 e5 10.e4 Na6 11.a3 Nh5 12.h3 Nf6 13.Nh4 Bc8 14.Kh2 Nh5 15.Ndf3 Bd7 
16.Be2 Nf6 17.Bd3 1/2-1/2

[Event "II Festival A"]
[Site "Lido degli Estensi - Comacchio ITA"]
[Date "2001.06.06"]
[Round "5"]
[White "Genocchio, Daniele"]
[Black "Tocco, Paolo"]
[Result "1-0"]
[WhiteElo "2278"]
[BlackElo "2144"]
[PlyCount "99"]
[EventDate "2001.06.02"]

1.d4 f5 2.Bg5 c6 3.c4 d6 4.Nc3 g6 5.e4 Bg7 6.exf5 Bxf5 7.Bd3 Qa5 8.Nf3 Bg4
9.Be3 Nd7 10.h3 Bxf3 11.Qxf3 Ngf6 12.O-O O-O 13.Qd1 e5 14.Re1 Rae8 15.d5 
cxd5 16.cxd5 a6 17.a3 Rc8 18.b4 Qd8 19.Rc1 Kh8 20.Bg5 Qe8 21.Qd2 Qf7 22.
Bf1 Nb6 23.Red1 Nbxd5 24.Nxd5 Rxc1 25.Rxc1 Qxd5 26.Qxd5 Nxd5 27.Rd1 Nc3 
28.Rd3 Ne4 29.Be3 Rd8 30.g4 Nf6 31.Bg2 Rd7 32.g5 Ne8 33.Rc3 Kg8 34.Rc8 Kf8
35.Bd5 Ke7 36.Bg8 d5 37.Bc5+ Nd6 38.Bxd5 Bf8 39.Bxb7 Rxb7 40.Bxd6+ Kxd6 
41.Rxf8 a5 42.bxa5 Ra7 43.a6 Kd5 44.Rf6 Kc4 45.Kg2 Kb3 46.Rb6+ Kxa3 47.Kf3
Ka4 48.Ke4 Ka5 49.Rb1 Rf7 50.a7 1-0

[Event "II Festival A"]
[Site "Lido degli Estensi - Comacchio ITA"]
[Date "2001.06.06"]
[Round "5"]
[White "Heinlein, Reinhold"]
[Black "Pircher, Karl"]
[Result "1/2-1/2"]
[WhiteElo "2185"]
[BlackElo "2041"]
[PlyCount "50"]
[EventDate "2001.06.02"]

1.d4 e6 2.c4 d5 3.Nc3 Be7 4.Nf3 Nf6 5.Bg5 O-O 6.e3 h6 7.Bh4 b6 8.Rc1 Bb7 
9.Bd3 Nbd7 10.O-O c5 11.Qe2 Rc8 12.cxd5 exd5 13.Rfd1 c4 14.Bf5 g6 15.Bb1 
a6 16.Bg3 Nh5 17.e4 dxe4 18.Nxe4 b5 19.Be5 Re8 20.Qd2 Nxe5 21.dxe5 Bxe4 
22.Bxe4 Qxd2 23.Rxd2 Rc7 24.Rcd1 Nf4 25.Kf1 Ne6 1/2-1/2

[Event "II Festival A"]
[Site "Lido degli Estensi - Comacchio ITA"]
[Date "2001.06.06"]
[Round "5"]
[White "Lelchuk, Zoja"]
[Black "Vezzani, Stefano"]
[Result "1-0"]
[WhiteElo "2411"]
[BlackElo "2230"]
[PlyCount "57"]
[EventDate "2001.06.02"]

1.c4 d6 2.d4 e5 3.dxe5 dxe5 4.Qxd8+ Kxd8 5.Nc3 c6 6.Bg5+ f6 7.O-O-O+ Kc7 
8.Bd2 Be6 9.e4 Nd7 10.Be2 Bd6 11.Nf3 Ne7 12.Be3 Rhd8 13.c5 Nxc5 14.Rxd6 
Kxd6 15.Rd1+ Nd5 16.exd5 cxd5 17.Nb5+ Kc6 18.b4 a6 19.Nbd4+ exd4 20.Nxd4+ 
Kd7 21.bxc5 Rac8 22.Kb2 g6 23.Nb3 g5 24.Bd4 Rf8 25.Bc3 Rf7 26.Rd4 Kc6 27.
Rb4 Re8 28.Rb6+ Kc7 29.Bh5 1-0

[Event "II Festival A"]
[Site "Lido degli Estensi - Comacchio ITA"]
[Date "2001.06.06"]
[Round "5"]
[White "Logallo, Claudio"]
[Black "Trifunovic, Dusan"]
[Result "0-1"]
[WhiteElo "1720"]
[BlackElo "2055"]
[PlyCount "74"]
[EventDate "2001.06.02"]

1.e4 e5 2.Nf3 Nc6 3.d4 exd4 4.Bc4 Bc5 5.Ng5 Nh6 6.Nxf7 Nxf7 7.Bxf7+ Kxf7 
8.Qh5+ Kf8 9.Qxc5+ d6 10.Qh5 Qe8 11.Qe2 h6 12.O-O Kg8 13.a4 a5 14.f4 b6 
15.Qf3 Ba6 16.Rf2 Kh7 17.c3 Rf8 18.Nd2 Ne5 19.Qg3 Nd3 20.Rf3 dxc3 21.bxc3 
Nxc1 22.Rxc1 Qxa4 23.f5 Rf6 24.Qf4 Qa3 25.Re1 Qc5+ 26.Kh1 Qe5 27.Qh4 Re8 
28.g4 Bc8 29.g5 Rxf5 30.gxh6 gxh6 31.Ref1 Rxf3 32.Nxf3 Qe7 33.Qh5 Rg8 34.
Nd2 Rg7 35.Rf4 Qg5 36.Qxg5 hxg5 37.Rf1 Kg6 0-1

[Event "II Festival A"]
[Site "Lido degli Estensi - Comacchio ITA"]
[Date "2001.06.06"]
[Round "5"]
[White "Mayers, Dan E."]
[Black "Costantini, Roberto"]
[Result "0-1"]
[WhiteElo "2115"]
[BlackElo "2268"]
[PlyCount "80"]
[EventDate "2001.06.02"]

1.e4 c5 2.d4 cxd4 3.c3 Nf6 4.e5 Nd5 5.Qxd4 e6 6.Bc4 Nc6 7.Qe4 Nde7 8.f4 
Nf5 9.Nd2 Bc5 10.Ngf3 d5 11.exd6 Nxd6 12.Qe2 Nxc4 13.Nxc4 O-O 14.b4 Be7 
15.O-O Qc7 16.Be3 b6 17.b5 Nd8 18.Rad1 Nb7 19.Nfe5 Nd6 20.Nxd6 Bxd6 21.Bd4
Bb7 22.Rd3 Bc5 23.Rfd1 Rad8 24.Rh3 Bxd4+ 25.cxd4 Rc8 26.Qh5 Qc2 27.Rg3 g6 
28.Rf1 Qb2 29.Nf3 Rc1 30.Qe5 Rfc8 31.h4 Rxf1+ 32.Kxf1 Bxf3 33.Kg1 Bb7 34.
h5 Rd8 35.Kh2 Qxd4 36.Qg5 Qd5 37.Qh6 Qe4 38.Qg5 Rd5 39.Qe7 Rxh5+ 40.Kg1 
Qe1# 0-1

[Event "II Festival A"]
[Site "Lido degli Estensi - Comacchio ITA"]
[Date "2001.06.06"]
[Round "5"]
[White "Mukic, Josko"]
[Black "Tomasi, Diego"]
[Result "1-0"]
[WhiteElo "2268"]
[BlackElo "2042"]
[PlyCount "67"]
[EventDate "2001.06.02"]

1.d4 d5 2.Bg5 g6 3.e3 Bg7 4.Bd3 Nf6 5.Nd2 Nbd7 6.f4 c5 7.c3 b6 8.Ngf3 Bb7 
9.O-O O-O 10.Ne5 e6 11.Qf3 Qc7 12.g4 Ne8 13.Qh3 Nd6 14.Bh6 Ne4 15.Nxe4 
dxe4 16.Bb5 Nf6 17.g5 Nh5 18.Bxg7 Kxg7 19.Be2 f6 20.gxf6+ Nxf6 21.Rf2 cxd4
22.cxd4 Bd5 23.Kh1 Ng8 24.Rg1 Rf6 25.b3 Raf8 26.Rfg2 Ne7 27.Ng4 Rf5 28.
Qh6+ Kh8 29.Ne5 Kg8 30.Bh5 R8f6 31.Bxg6 Nxg6 32.Nxg6 hxg6 33.Rxg6+ Rxg6 
34.Rxg6+ 1-0

[Event "II Festival A"]
[Site "Lido degli Estensi - Comacchio ITA"]
[Date "2001.06.06"]
[Round "5"]
[White "Naumkin, Igor"]
[Black "Mauro, Alan"]
[Result "1-0"]
[WhiteElo "2446"]
[BlackElo "2225"]
[PlyCount "121"]
[EventDate "2001.06.02"]

1.d4 g6 2.c4 Bg7 3.Nc3 d6 4.e4 e5 5.Nf3 exd4 6.Nxd4 Nc6 7.Be3 Nge7 8.Nxc6 
Nxc6 9.Qd2 Be6 10.Be2 O-O 11.O-O a6 12.Rad1 Ne5 13.b3 Qe7 14.h3 f5 15.f4 
Nc6 16.exf5 Bxf5 17.Bf3 Rae8 18.Bf2 Kh8 19.Nd5 Qd8 20.Rfe1 Be6 21.b4 Qd7 
22.b5 axb5 23.cxb5 Bxd5 24.Qxd5 Nd8 25.Rxe8 Rxe8 26.b6 cxb6 27.Qxd6 Qxd6 
28.Rxd6 Ne6 29.Bxb7 Nxf4 30.Bxb6 Ne2+ 31.Kf2 Nc3 32.a3 Nb5 33.Rd3 Rb8 34.
Bc5 Rxb7 35.Rd8+ Bf8 36.Rxf8+ Kg7 37.Rf3 h5 38.a4 Nc7 39.Bd4+ Kg8 40.Rf6 
Rb4 41.Rxg6+ Kh7 42.Rg7+ Kh6 43.Rd7 Kg6 44.a5 Ne6 45.Be3 Ra4 46.Rd6 Kf5 
47.Bd2 Ke5 48.Rb6 Ra2 49.Ke1 Nc5 50.Bc3+ Ke4 51.Kf1 Rc2 52.Rb4+ Kd3 53.Be1
Ne4 54.Rb3+ Kc4 55.Ra3 Kb5 56.a6 Rc8 57.a7 Ra8 58.Ke2 Kb6 59.Kf3 Nd6 60.
Bf2+ Kc6 61.Ra6+ 1-0

[Event "II Festival A"]
[Site "Lido degli Estensi - Comacchio ITA"]
[Date "2001.06.06"]
[Round "5"]
[White "Ricci, Alfredo"]
[Black "Weinberg, Emanuele"]
[Result "1/2-1/2"]
[WhiteElo "2088"]
[BlackElo "1701"]
[PlyCount "70"]
[EventDate "2001.06.02"]

1.e4 Nf6 2.e5 Nd5 3.Nf3 d6 4.d4 Nc6 5.Be2 g6 6.exd6 cxd6 7.O-O Bg7 8.c4 
Nb6 9.Nc3 O-O 10.Be3 Bg4 11.b3 d5 12.c5 Nd7 13.Rc1 Nf6 14.h3 Bxf3 15.Bxf3 
a6 16.Na4 Qc7 17.Qd2 Rad8 18.b4 e5 19.dxe5 Ne4 20.Bxe4 dxe4 21.Qb2 Bxe5 
22.Qb1 f5 23.Bh6 Bg7 24.Bxg7 Qxg7 25.Rfd1 Qf6 26.Nb6 Rxd1+ 27.Rxd1 Rd8 28.
Qb3+ Kh8 29.Nd5 Qe5 30.a4 Nd4 31.Rxd4 Qxd4 32.Nc3 e3 33.fxe3 Qxe3+ 34.Kh1 
Rd3 35.Qf7 Qe1+ 1/2-1/2

[Event "II Festival A"]
[Site "Lido degli Estensi - Comacchio ITA"]
[Date "2001.06.06"]
[Round "5"]
[White "Rivola, Franco"]
[Black "Mrdja, Milan"]
[Result "0-1"]
[WhiteElo "1704"]
[BlackElo "2450"]
[PlyCount "56"]
[EventDate "2001.06.02"]

1.Nf3 Nf6 2.d4 g6 3.Nc3 d5 4.Bf4 c6 5.Qd2 h6 6.e3 g5 7.Bg3 Bf5 8.Ne5 Nbd7 
9.f3 e6 10.Bd3 Bxd3 11.Qxd3 Bd6 12.Nxd7 Bxg3+ 13.hxg3 Qxd7 14.g4 O-O-O 15.
O-O-O h5 16.gxh5 Nxh5 17.Rh3 Nf6 18.Rdh1 Rhg8 19.g4 Kb8 20.Qd2 Ka8 21.Nd1 
Qe7 22.Nf2 Nd7 23.f4 Nf6 24.Qe2 c5 25.dxc5 Qxc5 26.Nd3 Qa5 27.Ne5 Qxa2 28.
fxg5 Qa1+ 0-1

[Event "II Festival A"]
[Site "Lido degli Estensi - Comacchio ITA"]
[Date "2001.06.06"]
[Round "5"]
[White "Tatai, Stefano"]
[Black "Bukal, Vladimir sr"]
[Result "1/2-1/2"]
[WhiteElo "2352"]
[BlackElo "2439"]
[PlyCount "82"]
[EventDate "2001.06.02"]

1.e4 e6 2.d4 d5 3.Nc3 Bb4 4.e5 Ne7 5.Bd2 c5 6.Nb5 Bxd2+ 7.Qxd2 O-O 8.f4 
cxd4 9.Nf3 Nbc6 10.O-O-O Qb6 11.Nbxd4 Nxd4 12.Nxd4 Bd7 13.h4 f6 14.exf6 
Rxf6 15.g3 Nc6 16.Bh3 Nxd4 17.Qxd4 Qxd4 18.Rxd4 Rc8 19.Re1 Rc6 20.Re5 g6 
21.Kd2 Rf8 22.c3 Kf7 23.Ke3 Rb6 24.b3 Re8 25.c4 Bc6 26.Bf1 dxc4 27.Bxc4 
Re7 28.Rd6 Bd7 29.Rxb6 axb6 30.g4 Re8 31.h5 Ke7 32.b4 Kf7 33.hxg6+ hxg6 
34.Rg5 Kf6 35.Bd3 Rg8 36.Be4 Bc6 37.Bxc6 bxc6 38.a4 Rd8 39.a5 bxa5 40.bxa5
Rd1 41.Rc5 Ra1 1/2-1/2

[Event "II Festival A"]
[Site "Lido degli Estensi - Comacchio ITA"]
[Date "2001.06.06"]
[Round "5"]
[White "Tomelleri, Alessio"]
[Black "Del Vecchio, Gastone"]
[Result "1-0"]
[WhiteElo "1543"]
[BlackElo "1578"]
[PlyCount "136"]
[EventDate "2001.06.02"]

1.e4 c5 2.Nc3 d6 3.f4 e6 4.Nf3 Nc6 5.Bc4 Be7 6.O-O a6 7.a4 Qc7 8.Qe1 Bf6 
9.d3 Nge7 10.Kh1 Bd7 11.Rf2 g6 12.Re2 Nd4 13.Nxd4 cxd4 14.Nd1 O-O 15.Qg3 
b5 16.Bb3 b4 17.h4 h5 18.Nf2 Kh7 19.Nh3 Nc6 20.Bd2 Rab8 21.Ng5+ Kg7 22.Nf3
e5 23.f5 Be8 24.Ng5 Nd8 25.Rf1 Rh8 26.Ref2 Bxg5 27.Bxg5 f6 28.Bd2 Rf8 29.
Qf3 Kh7 30.g4 hxg4 31.fxg6+ Bxg6 32.Qxg4 Qg7 33.Kh2 Bf7 34.Qxg7+ Kxg7 35.
Bxf7 Rxf7 36.Rg2+ Kh7 37.h5 a5 38.Rgf2 Rc8 39.Bc1 Re7 40.Kh3 Ne6 41.Kh4 
Rf7 42.Rxf6 Rxf6 43.Rxf6 Rxc2 44.Rxe6 Rxc1 45.Rxd6 Rb1 46.Rd5 Rxb2 47.Rxa5
b3 48.Rb5 Rb1 49.Rb7+ Kg8 50.Kg5 b2 51.Kh6 Kf8 52.a5 Rd1 53.Rxb2 Rxd3 54.
Rb5 Rc3 55.Rxe5 Rc6+ 56.Kg5 Rd6 57.Rb5 d3 58.Rb1 d2 59.Rd1 Kf7 60.e5 Rd5 
61.Kf5 Kg7 62.a6 Kh6 63.a7 Rd8 64.e6 Rf8+ 65.Ke5 Rd8 66.e7 Ra8 67.Rxd2 
Kxh5 68.Rd8 Rxa7 1-0

[Event "II Festival A"]
[Site "Lido degli Estensi - Comacchio ITA"]
[Date "2001.06.06"]
[Round "5"]
[White "Vismara, Daniele"]
[Black "Nikolic, Stanimir"]
[Result "1-0"]
[WhiteElo "2231"]
[BlackElo "2366"]
[PlyCount "119"]
[EventDate "2001.06.02"]

1.Nf3 d5 2.d4 e6 3.c4 Nf6 4.Nc3 Nbd7 5.Bg5 c6 6.e3 Qa5 7.Nd2 dxc4 8.Bxf6 
gxf6 9.Nxc4 Qc7 10.Bd3 f5 11.Qc2 Nb6 12.O-O-O Nd5 13.Nxd5 cxd5 14.Ne5 Qa5 
15.Qb3 a6 16.Be2 Rg8 17.g3 Bd6 18.Kb1 f6 19.Nd3 b6 20.Rc1 Bb7 21.Nc5 Bc8 
22.Qa4+ Ke7 23.Qxa5 bxa5 24.Rc3 Ra7 25.Rhc1 Bd7 26.Nxa6 Rga8 27.Nc5 Be8 
28.Rb3 Rc8 29.Rb7+ Rc7 30.Rxa7 Rxa7 31.Rc3 Bg6 32.f4 Be8 33.Kc2 Bd7 34.a3 
Bc8 35.Bb5 Kd8 36.Kb3 Rg7 37.Ka4 Ra7 38.Nb3 Bc7 39.Nc5 Bb6 40.Nxe6+ Bxe6 
41.Rc6 Bxd4 42.exd4 Ke7 43.Ra6 Rc7 44.Kxa5 Rc2 45.b4 Rxh2 46.Rc6 h5 47.Rc3
Rf2 48.Kb6 h4 49.gxh4 Rxf4 50.Rd3 Rxh4 51.a4 Rh8 52.Kb7 Kd6 53.a5 Bc8+ 54.
Kb6 Be6 55.a6 Rb8+ 56.Ka5 f4 57.a7 Ra8 58.Kb6 Bg4 59.Rd2 Rh8 60.Bc6 1-0

[Event "II Festival A"]
[Site "Lido degli Estensi - Comacchio ITA"]
[Date "2001.06.07"]
[Round "6"]
[White "Barletta, Antonio"]
[Black "Diotallevi, Maurizio"]
[Result "1/2-1/2"]
[WhiteElo "1902"]
[BlackElo "2088"]
[PlyCount "115"]
[EventDate "2001.06.02"]

1.e4 e6 2.Nc3 d5 3.d4 Bb4 4.a3 Bxc3+ 5.bxc3 dxe4 6.f3 Nf6 7.Bg5 Qd5 8.Bf4 
Qa5 9.Qd2 Nbd7 10.c4 Qxd2+ 11.Bxd2 c5 12.c3 b6 13.Be2 Bb7 14.Be3 Rc8 15.f4
O-O 16.Nh3 Ba6 17.Rc1 Rc7 18.g4 Rfc8 19.d5 exd5 20.g5 Ne8 21.cxd5 Bxe2 22.
Kxe2 Nd6 23.c4 b5 24.cxb5 Nxb5 25.Rc4 Nd6 26.Rc2 Nf5 27.Rhc1 c4 28.Nf2 Nd6
29.Bd4 Nb5 30.Ke3 Nxa3 31.Ra2 Nb5 32.Nxe4 Nxd4 33.Kxd4 Nc5 34.Nxc5 Rxc5 
35.Rxa7 c3 36.d6 Rc4+ 37.Kd3 Rxf4 38.d7 Rd8 39.Rxc3 Rf3+ 40.Kd4 Rxc3 41.
Kxc3 Kf8 42.Kd4 Ke7 43.Ke5 Rxd7 44.Ra8 f6+ 45.gxf6+ gxf6+ 46.Kf5 Rd5+ 47.
Kg4 Rg5+ 48.Kf4 Rh5 49.Kg3 Kf7 50.h4 Rb5 51.Kg4 Kg7 52.Rc8 Rd5 53.Ra8 h5+ 
54.Kf4 Kf7 55.Rb8 Ra5 56.Rc8 Ra4+ 57.Kf5 Ra5+ 58.Kf4 1/2-1/2

[Event "II Festival A"]
[Site "Lido degli Estensi - Comacchio ITA"]
[Date "2001.06.07"]
[Round "6"]
[White "Bukal, Vladimir jr"]
[Black "Vismara, Daniele"]
[Result "1-0"]
[WhiteElo "2392"]
[BlackElo "2231"]
[PlyCount "53"]
[EventDate "2001.06.02"]

1.d4 d5 2.c4 c6 3.Nf3 Nf6 4.Nc3 dxc4 5.a4 Bf5 6.e3 e6 7.Bxc4 Bb4 8.O-O O-O
9.Nh4 Nbd7 10.f3 Bg6 11.Nxg6 hxg6 12.e4 e5 13.Be3 Qe7 14.Qe2 exd4 15.Bxd4 
Bc5 16.Bxc5 Qxc5+ 17.Kh1 g5 18.Ba2 g6 19.f4 gxf4 20.Rxf4 Kg7 21.Raf1 Rae8 
22.Qd2 Rh8 23.g3 Re7 24.Nd1 Rh5 25.Ne3 Qe5 26.Qf2 Qd4 27.Nf5+ 1-0

[Event "II Festival A"]
[Site "Lido degli Estensi - Comacchio ITA"]
[Date "2001.06.07"]
[Round "6"]
[White "Bukal, Vladimir sr"]
[Black "Lagrotteria, Salvatore"]
[Result "1-0"]
[WhiteElo "2439"]
[BlackElo "2201"]
[PlyCount "65"]
[EventDate "2001.06.02"]

1.c4 g6 2.Nc3 c5 3.Nf3 Nc6 4.e3 Nf6 5.d4 cxd4 6.exd4 d5 7.Bg5 dxc4 8.Bxc4 
Bg7 9.d5 Nb8 10.O-O O-O 11.Re1 Bg4 12.h3 Bxf3 13.Qxf3 Nbd7 14.Rad1 Nb6 15.
Bb3 Nc8 16.d6 Nxd6 17.Nd5 Nxd5 18.Rxd5 Qc7 19.Rxe7 Qc6 20.Qd3 Nf5 21.Re2 
Rae8 22.Rxe8 Qxe8 23.g4 Qe1+ 24.Kg2 Ne7 25.Rd7 Nc6 26.Qd5 Qe8 27.Rxb7 h6 
28.Be3 Qc8 29.Rxf7 Rxf7 30.Qxf7+ Kh7 31.Bd5 Ne5 32.Qe7 Nd3 33.Bxh6 1-0

[Event "II Festival A"]
[Site "Lido degli Estensi - Comacchio ITA"]
[Date "2001.06.07"]
[Round "6"]
[White "Burani, Eugenio"]
[Black "Rivola, Franco"]
[Result "1-0"]
[WhiteElo "1705"]
[BlackElo "1704"]
[PlyCount "49"]
[EventDate "2001.06.02"]

1.e4 e6 2.d4 d5 3.e5 Bd7 4.Nf3 a6 5.Be2 Bb5 6.O-O Bxe2 7.Qxe2 c5 8.c4 cxd4
9.Rd1 Nc6 10.cxd5 Qxd5 11.Be3 Nxe5 12.Nxd4 Qc4 13.Qh5 Bd6 14.Na3 Qc8 15.
Rac1 Qd7 16.Bf4 g6 17.Qe2 Nd3 18.Rxd3 Bxf4 19.Rcd1 Qe7 20.Qe4 Bh6 21.Nc6 
Qc7 22.Rd8+ Rxd8 23.Rxd8+ Qxd8 24.Nxd8 Kxd8 25.Qd4+ 1-0